000 00602nam a22002297a 4500
003 UA-OsUOA
001 22772
007 ta
008 20031225b un ||||| |||| 00| 0 ukr d
090 _a22.04
_bБ59
942 _cBK
040 _aUA-OsUOA
_brus
_cUA-OsUOA
_dUA-OsUOA
245 _aБиблия или священото писание на стария и новия Заветъ
300 _a277 с.
955 _a0
041 _arus
080 _a22.04
260 _aБолгария
_bБиблейское дружество
_c1993
044 _aBG
650 7 _2UDC
999 _c309001
_d309001